000 00663nam a2200253Ia 4500
005 20260121153819.0
008 008 260114s9999 xx 000 0 eng d
020 _a9780429100833
037 _aEBOOK
040 _aCRL
040 _beng
040 _cCRL
041 _2eng
041 _aeng
084 _qCRL
100 _aJustin L. Rheubert; Dustin S. Siegel; Stanley E. Trauth
_9999448
245 0 _aReproductive Biology and Phylogeny of Lizards and Tuatara
260 _bTaylor and Francis
260 _c2015
856 _uhttp://www.taylorfrancis.com/books/9780429100833
942 _cEBOOK
999 _c1566269
_d1566269